| 000 | 00343 a2200133 4500 | ||
|---|---|---|---|
| 020 | _a9693515870 | ||
| 040 |
_aDLC _bDLC |
||
| 100 | _aAshfaq Ahmad | ||
| 245 |
_aZaviya _cAshfaq Ahmad _hUrdu |
||
| 260 |
_aLahore: _bSange-e-Meel Publications, _c2005. |
||
| 300 |
_a320 p. ; _c24 cm. |
||
| 650 | _aIslam--Spiritualism. | ||
| 942 |
_cBK _k891.439 ASH _2ddc |
||
| 999 |
_c9720 _d9720 |
||